00315pab a2200121 454500008004000000100001800040245005400058260000900112300001300121362001100134650001400145773003400159180718b2012 xxu||||| |||| 00| 0 eng d aBose, Sukanya aInflation: Sources, challenges and policy options c2012 ap.27-30. a21 Jan aInflation aEconomic and Political Weekly